El Montseny [Enregistrament de vídeo] : l'ocupació humana / Guió: Rosa Murtra ; Càmera i realització: Agustí Corominas l'ocupació humana / Guió:
Descripción Física:
1 videocasset (VHS) 28 min : col : so.
Otros Autores:
Corominas, Agustí
MARC
| LEADER | 00000nam a2200000Ia 4500 | ||
|---|---|---|---|
| 001 | 19687 | ||
| 008 | 160829s9999 xx 000 0 cat d | ||
| 080 | |a VID-4 | ||
| 100 | |a Murtra, Rosa |9 43182 | ||
| 245 | |a El Montseny [Enregistrament de vídeo] : |b l'ocupació humana / Guió: |b Rosa Murtra ; Càmera i realització: |b Agustí Corominas | ||
| 260 | |a [s.l.] : |b Metròpoli, Vídeo-Films, [1996?] | ||
| 300 | |a 1 videocasset (VHS) 28 min : |b col : |b so. | ||
| 650 | |a Home - Influència sobre la natura - Montseny |9 43022 | ||
| 650 | |a Ecologia humana - Montseny |9 43023 | ||
| 651 | 0 | |a Montseny (Catalunya : Massís) |9 50902 | |
| 700 | |a Corominas, Agustí |9 43179 | ||
| 710 | 1 | |a Barcelona (Catalunya : Província). |b Diputació |9 52408 | |
| 901 | |a Arxiu | ||
| 942 | |n 1 | ||
| 952 | |0 0 |1 0 |4 0 |6 VID4 |7 1 |9 51137 |a Arxiu |b Arxiu |d 2016-12-01 |l 0 |o VID-4 |p 19687 |r 2016-12-01 00:00:00 |w 2016-12-01 |y ARXIU | ||
| 999 | |c 54980 |d 54980 | ||